| LEADER |
01251nam0a2200253 450 |
| 001 |
16866162 |
| 010 |
|
|
|a 978-2-7441-2008-4
|b Br.
|
| 100 |
|
|
|a 20250924d1998 u u0frey01 ba
|
| 101 |
0 |
|
|a fre
|
| 102 |
|
|
|a FR
|
| 200 |
0 |
|
|a 2 histoires de Tom-Tom et Nana. Les fous du mercredi. Les premiers de la casse;
|f Jacqueline Cohen, Bernadette Després
|g aut. Evelyne Reberg
|
| 207 |
|
1 |
|a
|
| 210 |
|
|
|a Paris
|b 123 boulevard de Grenelle BP 6.
|c France Loisirs
|d 1998
|
| 215 |
|
|
|a 1 vol. (188 p.)
|c ill. en coul.
|d 16x20 cm
|
| 225 |
1 |
|
|a Tom-Tom et Nana
|
| 327 |
|
|
|a Sur la page de couverture : Crac ! Paff ! Bang ! Boum !
|
| 330 |
|
|
|a Tom-Tom et sa petite soeur Nana ont plein d'idées folles en tête pour s'amuser et les mettent partout à profit : dans le restaurant de leurs parents, au cinéma, dans la rue... Ils sont les champions de l'esplièglerie. Des histoires drôles sous la forme de bandes dessinées en couleurs.
|
| 461 |
|
0 |
|t Tom-Tom et Nana
|
| 700 |
|
0 |
|a Cohen
|b Jacqueline
|f 1943-....
|4 70
|
| 701 |
|
0 |
|a Després
|b Bernadette
|f 1941-....
|4 440
|
| 702 |
|
0 |
|a Reberg
|b Evelyne
|f 1939-....
|4 70
|
| 900 |
|
|
|a Bande Dessinée (enfants)
|
| 901 |
|
|
|a Jeunesse
|
| 995 |
|
|
|a Médiathèque
|c Médiathèque
|f 089021376
|h 089021376
|k BD TOM
|o p
|q j
|r az
|e Médiathèque
|